Sports Quiz

Random Sports or Baseball Quiz

All-Time Baseball Records Quiz Stats

Quiz not verified by Sporcle

Challenge
Share
Tweet
Embed
Score 0/77 Timer 12:00
0 Plays Today
Record Player % Correct
Stolen Bases (AL)Rickey Henderson
96%
Stolen Bases (MLB)Rickey Henderson
94.1%
Caught Stealing (AL)Rickey Henderson
91.7%
Caught Stealing (MLB)Rickey Henderson
85%
Consecutive Games with a Hit (AL and MLB)Joe DiMaggio
83%
Stolen Bases (NL)Lou Brock
82.8%
Bases on Balls (NL and MLB)Barry Bonds
78.6%
Home Runs (NL and MLB)Barry Bonds
78.6%
Hits (NL and MLB)Pete Rose
77.4%
Caught Stealing (NL)Lou Brock
76.4%
Home Runs (AL)Babe Ruth
76.4%
Batting Average (AL and MLB)Ty Cobb
76.2%
Runs Batted In (NL)Hank Aaron
71.5%
Runs Batted In (MLB)Hank Aaron
70.7%
Hits (AL)Ty Cobb
70.3%
Runs Batted In (AL)Babe Ruth
69.3%
Singles (NL and MLB)Pete Rose
67.5%
Career At-Bats (NL and MLB)Pete Rose
66.9%
Slugging Average (AL)Babe Ruth
66.5%
Bases on Balls (AL)Babe Ruth
63.2%
Slugging Average (NL)Barry Bonds
63.2%
Most No Hitters (MLB)Nolan Ryan
62.8%
Slugging Average (MLB)Babe Ruth
62.4%
Most No Hitters (AL)Nolan Ryan
61.8%
Strikeouts (MLB)Nolan Ryan
60.8%
Grand Slams (AL and MLB)Lou Gehrig
60.2%
Singles (AL)Ty Cobb
58.6%
Saves (NL and MLB)Trevor Hoffman
58.4%
Most Total Bases (NL)Hank Aaron
56.6%
Wins (MLB)Cy Young
56.4%
Stealing Home (AL and MLB)Ty Cobb
56.2%
Saves (AL)Mariano Rivera
55.8%
Most Total Bases (MLB)Hank Aaron
54.3%
On Base Percentage (AL and MLB)Ted Williams
51.9%
Runs Scored (MLB)Rickey Henderson
51.7%
Batting Average (NL)Rogers Hornsby
50.9%
Most Career Strikeouts by a Hitter (AL and MLB)Reggie Jackson
50.9%
Innings Pitched (MLB)Cy Young
48.5%
Complete Games by a Pitcher (MLB)Cy Young
48.3%
Record Player % Correct
Runs Scored (AL)Ty Cobb
47.1%
Shutouts (AL and MLB)Walter Johnson
45.9%
Strikeouts (AL)Roger Clemens
44.4%
Wins (AL)Walter Johnson
44.4%
Most No Hitters (NL)Sandy Koufax
43.4%
Complete Games by a Pitcher (AL)Walter Johnson
39.4%
Most Walks Allowed by a Pitcher (MLB)Nolan Ryan
38.8%
Doubles (AL and MLB)Tris Speaker
38.4%
Most Total Bases (AL)Ty Cobb
37.4%
Innings Pitched (AL)Walter Johnson
36.2%
Strikeouts (NL)Steve Carlton
35.6%
Triples (AL)Ty Cobb
33.7%
Runs Scored (NL)Barry Bonds
32.1%
Triples (MLB)Sam Crawford
27.9%
Career At-Bats (AL)Carl Yastrzemski
27.7%
Consecutive Games with a Hit (NL)Willie Keeler
27.1%
Wins (NL) TGrover Alexander
25.7%
Doubles (NL)Pete Rose
25.5%
Wins (NL) TChristy Mathewson
24.2%
Wild Pitches (MLB)Nolan Ryan
23.8%
Shutouts (NL)Grover Alexander
18.8%
Grand Slams (NL)Willie McCovey
16.2%
Home Runs Allowed (MLB)Robin Roberts
15.6%
Triples (NL)Honus Wagner
13.5%
Hit Batsmen (AL)Walter Johnson
11.5%
Innings Pitched (NL)Warren Spahn
9.5%
Most Career Strikeouts by a Hitter (NL)Willie Stargell
8.5%
Complete Games by a Pitcher (NL)Pud Galvin
5.9%
Most Walks Allowed by a Pitcher (NL)Steve Carlton
5.7%
Stealing Home (NL)Max Carey
4.8%
On Base Percentage (NL)John McGraw
3.6%
Most Walks Allowed by a Pitcher (AL)Early Wynn
1.6%
Home Runs Allowed (NL)Warren Spahn
1.4%
Home Runs Allowed (AL)Frank Tanana
0.4%
Hit Batsmen (NL)Pink Hawley
0%
Hit Batsmen (MLB)Gus Weyhing
0%
Wild Pitches (AL)Jack Morris
0%
Wild Pitches (NL)Mickey Welch
0%

You're not logged in!

Compare scores with friends on all Sporcle quizzes.
Sign Up with Email
OR
Log In

You Might Also Like...

Show Comments

Extras

Top Quizzes Today


Score Distribution

Your Account Isn't Verified!

In order to create a playlist on Sporcle, you need to verify the email address you used during registration. Go to your Sporcle Settings to finish the process.